000 00745nam a2200289Ia 4500
005 20260324120634.0
008 008 260324s9999 xx 000 0 eng d
020 _a9781315081601
037 _aEBOOK
040 _aCRL
040 _beng
040 _cCRL
041 _2eng
041 _aeng
084 _qCRL
100 _aFrancis T. Cullen; Pamela Wilcox; Robert J. Sampson; Brendan D. Dooley
_91159375
245 0 _aChallenging Criminological Theory
245 4 _bThe Legacy of Ruth Rosner Kornhauser
260 _bTaylor and Francis
260 _c2015
365 _a
365 _b230
856 _uhttp://www.taylorfrancis.com/books/9781315081601
942 _cEBOOK
999 _c1751010
_d1751010